000 00288nam a2200121Ia 4500
008 220216s9999 xx 000 0 und d
100 _aSekhar B C
245 0 _aNatural rubber boom inevitable
260 _bRubber Asia
_c1994
300 _a29-34
650 _aNatural rubber
942 _cJS
999 _c63498
_d63498